| 000 | 00496nam a2200181Ia 4500 | ||
|---|---|---|---|
| 005 | 20250617095032.0 | ||
| 008 | 008 250516s9999 xx 000 0 eng d | ||
| 020 | _a9780197699645 | ||
| 040 |
_beng _cSDCL |
||
| 041 |
_aeng _2eng |
||
| 084 | _aW:57 R4 | ||
| 100 |
_aStrossen, Nadine _9810140 |
||
| 245 | 0 |
_aFree speech : _bWhat everyone needs to know |
|
| 260 |
_aNew York : _bOxford University Press, _c2024. |
||
| 300 | _axi, 264p. | ||
| 650 | _aPolitical Science | ||
| 942 |
_cTEXL _2CC |
||
| 999 |
_c1430655 _d1430655 |
||